000 00824nam a2200241 a 4500
001 000042521
005 20201002040217.0
008 131210s1992 sp 000 0 spa d
020 _a8472234681
040 _aDO-SdBNP
_bspa
_cBNPHU
082 _axxxxx
_bxxxxx
100 1 _aLi, Yu
_d1610-1680
_969735
240 1 4 _aThe carnal prayer mat /
245 1 3 _aLa alfombrilla de los goces y los rezos /
_cLi Yu ; traducción Iris Menéndez.
260 _aBarcelona, :
_bTusQuets,
_c1992.
300 _a337 p. ;
_c20 cm.
490 1 _aLa sonrisa vertical ;
_v77 ;
590 _aInventariado, 2019/ YL
500 _aIncluye datos biográficos en las solapas
504 _aIncluye referencias bibliográficas y notas al pie de las páginas
700 1 _aMenéndez, Iris,
_etr.
_969736
830 0 _aLa sonrisa vertical
_n77
_969737
999 _c42010
_d42010